| 000 | 00797nam a22002177a 4500 | ||
|---|---|---|---|
| 003 | BD-DhUL | ||
| 005 | 20211007142812.0 | ||
| 008 | 210826s 2020bg ||||| |||| 00| 0 ben | ||
| 020 | _a9841800675 (hbk) | ||
| 040 |
_aBD-DhUL _cBD-DhUL |
||
| 082 |
_a891.443 _bALS |
||
| 100 | 1 | _aআলী, সৈয়দ মুজতবা | |
| 245 | 0 | 0 |
_aশব্নম্ / _cসৈয়দ মুজতবা আলী । |
| 250 | _a৩য় সংস্ক. | ||
| 260 |
_aঢাকা : _bবিশ্বসাহিত্য কেন্দ্র, _c২০২০ । |
||
| 300 |
_a১৪০ পৃ. ; _c২২ সেমি. |
||
| 365 |
_aBDT _b240.00 |
||
| 650 | 4 |
_aবাংলা সাহিত্য _vউপন্যাস । |
|
| 650 | 4 | _aBengali fiction. | |
| 942 |
_2ddc _cBK |
||
| 999 |
_c254312 _d254312 |
||